[Event "4NCL/Div2a/KHE vs. AMCAD"]
[Site "Hinckley Island ENG"]
[Date "2010.01.16"]
[Round "3.1"]
[White "McMichael, Richard J"]
[Black "Webb, Richard M"]
[Result "1-0"]
[WhiteElo "2286"]
[BlackElo "2260"]
[PlyCount "77"]
[EventDate "2010.01.16"]
[EventRounds "11"]
[EventCountry "ENG"]
[SourceDate "2009.10.24"]

1. d4 Nf6 2. Nf3 g6 3. Bg5 Bg7 4. Nbd2 d5 5. e3 O-O 6. Bd3 Nbd7 7. O-O c5 8. c3
b6 9. Qe2 Bb7 10. Rad1 Qc7 11. e4 dxe4 12. Nxe4 Rad8 13. Rfe1 Rfe8 14. dxc5
bxc5 15. Bh4 Bc6 16. Bg3 Qb7 17. Nfg5 Nxe4 18. Nxe4 Qb6 19. Ng5 e6 20. Ne4 Ne5
21. Bb1 Bb5 22. Qe3 Nc4 23. Qg5 h6 24. Nf6+ Kh8 25. Qh4 Rxd1 26. Rxd1 Rd8 27.
Re1 e5 28. Ng4 h5 29. b3 Nd2 30. Nxe5 Kg8 31. Qf4 Qf6 32. h4 Nxb1 33. Rxb1 Qxf4
34. Bxf4 Re8 35. c4 Ba6 36. Nd3 Bd4 37. Re1 Rxe1+ 38. Nxe1 Bc8 39. Be3 1-0

[Event "4NCL/Div2a/KHE vs. AMCAD"]
[Site "Hinckley Island ENG"]
[Date "2010.01.16"]
[Round "3.2"]
[White "Frostick, Clive A"]
[Black "Wittmann, Jochen"]
[Result "0-1"]
[WhiteElo "2160"]
[BlackElo "2266"]
[PlyCount "68"]
[EventDate "2010.01.16"]
[EventRounds "11"]
[EventCountry "ENG"]
[SourceDate "2009.10.24"]

1. e4 e5 2. Nf3 Nc6 3. Bb5 f5 4. d3 fxe4 5. dxe4 Nf6 6. O-O d6 7. Qd3 Bg4 8.
Ne1 Be7 9. c4 O-O 10. f3 Be6 11. Be3 Qe8 12. Nd2 Qh5 13. Ba4 Rf7 14. Bd1 Raf8
15. Rf2 g5 16. g3 g4 17. f4 exf4 18. gxf4 Qh4 19. Ng2 Qh3 20. Nf1 Nh5 21. Qe2
Bh4 22. Rc1 Bxf2+ 23. Qxf2 Ne5 24. Rc3 Nf3+ 25. Bxf3 gxf3 26. Ne1 Nxf4 27. Bxf4
Rxf4 28. Ng3 b6 29. b3 h5 30. Re3 Kh7 31. e5 h4 32. Nf1 Rg8+ 33. Kh1 Rg2 34.
Nxg2 fxg2+ 0-1

[Event "4NCL/Div2a/KHE vs. AMCAD"]
[Site "Hinckley Island ENG"]
[Date "2010.01.16"]
[Round "3.3"]
[White "Thomas, Rik H"]
[Black "Norman, Kenneth I"]
[Result "1/2-1/2"]
[WhiteElo "2220"]
[BlackElo "2182"]
[PlyCount "51"]
[EventDate "2010.01.16"]
[EventRounds "11"]
[EventCountry "ENG"]
[SourceDate "2009.10.24"]

1. d4 Nf6 2. c4 g6 3. Nc3 d5 4. Nf3 Bg7 5. Bf4 O-O 6. e3 c5 7. dxc5 Qa5 8. Rc1
dxc4 9. Bxc4 Qxc5 10. Bb3 Bg4 11. O-O Qb4 12. h3 Bxf3 13. Qxf3 Nc6 14. Bg5 Ne5
15. Qe2 e6 16. Rfd1 Rfd8 17. Qb5 Rxd1+ 18. Rxd1 Qxb5 19. Nxb5 Ne4 20. Be7 Nc6
21. Ba3 a6 22. Nd4 Nxd4 23. exd4 Nf6 24. d5 Nxd5 25. Bxd5 exd5 26. Rxd5 1/2-1/2

[Event "4NCL/Div2a/KHE vs. AMCAD"]
[Site "Hinckley Island ENG"]
[Date "2010.01.16"]
[Round "3.4"]
[White "Richardson, Keith B"]
[Black "Ward, Julian T"]
[Result "0-1"]
[WhiteElo "2189"]
[BlackElo "2132"]
[PlyCount "108"]
[EventDate "2010.01.16"]
[EventRounds "11"]
[EventCountry "ENG"]
[SourceDate "2009.10.24"]

1. c4 Nf6 2. Nc3 e5 3. Nf3 d6 4. d4 Nbd7 5. g3 g6 6. Bg2 Bg7 7. O-O O-O 8. e4
h6 9. h3 Re8 10. d5 Nc5 11. Ne1 a5 12. Nd3 b6 13. Nxc5 bxc5 14. a4 Bd7 15. Nb5
Rf8 16. Ra3 Ne8 17. f4 exf4 18. gxf4 f5 19. e5 dxe5 20. fxe5 Bxe5 21. Bxh6 Rf7
22. Bf4 Bxf4 23. Rxf4 Nd6 24. Rg3 Rg7 25. Nxd6 cxd6 26. h4 Qf6 27. Re3 Re7 28.
Rxe7 Qxe7 29. Qf3 Bxa4 30. h5 Qe1+ 31. Qf1 Qxf1+ 32. Bxf1 Kf7 33. Bd3 Bd7 34.
hxg6+ Kxg6 35. b3 Re8 36. Rg4+ Kf6 37. Rg2 Re3 38. Bc2 Rc3 39. Kf1 f4 40. Ke1
Bf5 41. Bd1 Rg3 42. Rh2 Bh3 43. Kf2 Rc3 44. Ke1 Rg3 45. Kf2 Kg5 46. Rh1 Bg4 47.
Bxg4 Kxg4 48. Rh6 Rxb3 49. Rg6+ Kf5 50. Rxd6 Rc3 51. Ra6 Rxc4 52. Rxa5 Ke5 53.
Ra8 Kxd5 54. Kf3 Rd4 0-1

[Event "4NCL/Div2a/KHE vs. AMCAD"]
[Site "Hinckley Island ENG"]
[Date "2010.01.16"]
[Round "3.5"]
[White "Stevenson, James AB"]
[Black "Coates, Kenneth G"]
[Result "1/2-1/2"]
[WhiteElo "2089"]
[BlackElo "2220"]
[PlyCount "90"]
[EventDate "2010.01.16"]
[EventRounds "11"]
[EventCountry "ENG"]
[SourceDate "2009.10.24"]

1. Nf3 d5 2. c4 c6 3. d4 Nf6 4. e3 g6 5. Nc3 Bg7 6. Bd3 O-O 7. O-O Bg4 8. h3
Bxf3 9. Qxf3 e6 10. Rd1 Nbd7 11. Qe2 Qe7 12. b3 Rfd8 13. Bb2 dxc4 14. Bxc4 e5
15. d5 e4 16. dxc6 bxc6 17. Rd2 Ne5 18. Rad1 Rxd2 19. Rxd2 Rd8 20. Rxd8+ Qxd8
21. Na4 Qd6 22. Bxe5 Qxe5 23. Qd2 Nd5 24. g3 h5 25. h4 Bf6 26. Bxd5 cxd5 27.
Nc5 Be7 28. b4 a5 29. Qd4 Qxd4 30. exd4 axb4 31. Nd7 f5 32. Nb6 Kf7 33. Nxd5
Bd6 34. f4 exf3 35. Kf2 Ke6 36. Ne3 f4 37. gxf4 Bxf4 38. Nc2 Bd6 39. Kxf3 Kd5
40. Ke3 Kc4 41. Ke4 Kc3 42. Ne3 Bf8 43. Nd5+ Kb2 44. Kf4 Kxa2 45. Nxb4+ Bxb4
1/2-1/2

[Event "4NCL/Div2a/KHE vs. AMCAD"]
[Site "Hinckley Island ENG"]
[Date "2010.01.16"]
[Round "3.7"]
[White "Davey, Mark"]
[Black "Purdon, Colin"]
[Result "1/2-1/2"]
[WhiteElo "2020"]
[BlackElo "2102"]
[PlyCount "64"]
[EventDate "2010.01.16"]
[EventRounds "11"]
[EventCountry "ENG"]
[SourceDate "2009.10.24"]

1. e4 Nf6 2. e5 Nd5 3. c4 Nb6 4. d4 d6 5. exd6 cxd6 6. h3 g6 7. Nf3 Bg7 8. Be2
O-O 9. O-O d5 10. c5 Nc4 11. Nc3 Nc6 12. b3 N4a5 13. Bf4 Be6 14. Qd2 Rc8 15.
Bh6 f6 16. Bxg7 Kxg7 17. Rfe1 Bf7 18. Rab1 e5 19. dxe5 Nxe5 20. Nxe5 fxe5 21.
Bg4 Rxc5 22. Rxe5 Qf6 23. Ne4 Rc2 24. Qxc2 Qxe5 25. Nc5 Re8 26. Nd7 Qe4 27.
Qxe4 Rxe4 28. Rd1 Nc6 29. Nc5 Re7 30. Bf3 b6 31. Na4 Nb4 32. Nc3 Rc7 1/2-1/2

[Event "4NCL/Div2a/KHE vs. AMCAD"]
[Site "Hinckley Island ENG"]
[Date "2010.01.16"]
[Round "3.8"]
[White "Zhu, Yao Yao"]
[Black "Haria, Ravi"]
[Result "0-1"]
[WhiteElo "1954"]
[BlackElo "1828"]
[PlyCount "86"]
[EventDate "2010.01.16"]
[EventRounds "11"]
[EventCountry "ENG"]
[SourceDate "2009.10.24"]

1. e4 e6 2. d4 d5 3. exd5 exd5 4. Bd3 Bd6 5. h3 Ne7 6. Nf3 Bf5 7. O-O Bxd3 8.
Qxd3 O-O 9. Nc3 c6 10. Ne2 Ng6 11. b3 Nd7 12. c4 dxc4 13. bxc4 c5 14. d5 Nde5
15. Nxe5 Nxe5 16. Qc2 Qh4 17. f4 Ng6 18. Be3 Rfe8 19. Bf2 Qe7 20. Rae1 Qe4 21.
Qa4 Qf5 22. Ng3 Qc8 23. Ne4 Bxf4 24. Nxc5 Rxe1 25. Rxe1 Ne5 26. Qb3 b6 27. Nd3
Nxd3 28. Qxd3 Bd6 29. a4 Qa6 30. Qb3 Rc8 31. Re4 h6 32. Be3 Qa5 33. Bd4 Qd2 34.
Bb2 Bc5+ 35. Kh2 Qf2 36. Be5 f6 37. Bf4 g5 38. Be3 Bxe3 39. Rxe3 Qf4+ 40. Kg1
Rxc4 41. d6 Kg7 42. Qa3 Rd4 43. Qc3 Qxd6 0-1

[Event "4NCL/Div2a/SAMS vs. WES1"]
[Site "Hinckley Island ENG"]
[Date "2010.01.17"]
[Round "4.1"]
[White "Rendle, Thomas E"]
[Black "Yeo, Michael J"]
[Result "1-0"]
[WhiteElo "2382"]
[BlackElo "2153"]
[PlyCount "63"]
[EventDate "2010.01.17"]
[EventRounds "11"]
[EventCountry "ENG"]
[SourceDate "2009.10.24"]

1. e4 e5 2. Nf3 Nc6 3. Bc4 Nf6 4. d3 Bc5 5. c3 a6 6. Nbd2 Ba7 7. Bb3 d6 8. h3
h6 9. Nf1 d5 10. Qe2 O-O 11. Ng3 d4 12. O-O Be6 13. Nh4 Ne7 14. Kh2 Bxb3 15.
axb3 Ng6 16. Ngf5 Kh7 17. g3 Nxh4 18. Nxh4 g6 19. c4 Bc5 20. Ng2 Ng8 21. f4 f6
22. f5 g5 23. h4 Qe8 24. Rh1 Kg7 25. Bd2 Be7 26. Kg1 c5 27. Kf2 Bd6 28. Rh2 Rf7
29. Rah1 Kf8 30. hxg5 fxg5 31. Rxh6 Nxh6 32. Rxh6 1-0

[Event "4NCL/Div2a/SAMS vs. WES1"]
[Site "Hinckley Island ENG"]
[Date "2010.01.17"]
[Round "4.3"]
[White "Roberson, Peter T"]
[Black "Lock, Gavin R"]
[Result "1/2-1/2"]
[WhiteElo "2221"]
[BlackElo "2188"]
[PlyCount "93"]
[EventDate "2010.01.17"]
[EventRounds "11"]
[EventCountry "ENG"]
[SourceDate "2009.10.24"]

1. e4 e6 2. d4 d5 3. Nd2 Be7 4. e5 c5 5. Qg4 Kf8 6. Nb3 Nd7 7. Nxc5 Nxc5 8.
dxc5 Bxc5 9. Bd3 Bd7 10. Qe2 Ne7 11. Nf3 a6 12. O-O Nc6 13. c3 h6 14. Be3 Qb6
15. Bxc5+ Qxc5 16. Rad1 Ke7 17. Rfe1 b5 18. a3 Rab8 19. Qc2 a5 20. b4 axb4 21.
axb4 Qb6 22. Bf1 Qc7 23. Qd3 Rb7 24. Qe3 Na7 25. Ra1 Rc8 26. Ra3 Kf8 27. Nd4
Rcb8 28. Nb3 Nc8 29. Rea1 Rb6 30. Nc5 Qc6 31. Ra5 Ne7 32. Ra7 Be8 33. Bd3 Qc8
34. R7a3 Nc6 35. Na6 R8b7 36. Nc5 Rb8 37. Qf4 Kg8 38. Bf1 Qd8 39. Nb3 Qg5 40.
Qxg5 hxg5 41. Re1 Rc8 42. f3 Kf8 43. Kf2 Ne7 44. Nd4 Bd7 45. Ke3 f6 46. Kd2 Rc7
47. Bd3 1/2-1/2

[Event "4NCL/Div2a/SAMS vs. WES1"]
[Site "Hinckley Island ENG"]
[Date "2010.01.17"]
[Round "4.4"]
[White "Kawuma, Steven Male"]
[Black "Purton, Ben J"]
[Result "1-0"]
[WhiteElo "2187"]
[BlackElo "2144"]
[PlyCount "41"]
[EventDate "2010.01.17"]
[EventRounds "11"]
[EventCountry "ENG"]
[SourceDate "2009.10.24"]

1. e4 d6 2. d4 Nf6 3. Nc3 c6 4. f4 Qa5 5. Bd3 e5 6. Nf3 Bg4 7. Be3 Qb6 8. Ne2
Bxf3 9. gxf3 exd4 10. Bxd4 Qa5+ 11. Bc3 Qh5 12. Ng3 Qh4 13. Qd2 Nh5 14. O-O-O
Nxf4 15. Nf5 Nxd3+ 16. Qxd3 Qf4+ 17. Kb1 f6 18. Qc4 d5 19. Rxd5 Nd7 20. Rxd7
Kxd7 21. Qf7+ 1-0

[Event "4NCL/Div2a/SAMS vs. WES1"]
[Site "Hinckley Island ENG"]
[Date "2010.01.17"]
[Round "4.5"]
[White "Varnam, Liam D"]
[Black "Simons, Martin J"]
[Result "0-1"]
[WhiteElo "2174"]
[BlackElo "2200"]
[PlyCount "48"]
[EventDate "2010.01.17"]
[EventRounds "11"]
[EventCountry "ENG"]
[SourceDate "2009.10.24"]

1. e4 Nc6 2. d4 d5 3. Nc3 dxe4 4. d5 Ne5 5. Qd4 Ng6 6. Be3 e5 7. dxe6 Bxe6 8.
Nxe4 Qxd4 9. Bxd4 N8e7 10. Nf3 Nc6 11. Bb5 Bd5 12. Ned2 O-O-O 13. Bxc6 Bxc6 14.
O-O Nf4 15. Rfe1 Nxg2 16. Kxg2 Rxd4 17. Rad1 Bc5 18. Re5 Bd6 19. Re3 Bf4 20.
Rd3 Rhd8 21. Nf1 Rxd3 22. cxd3 g5 23. h3 h5 24. N1h2 Bxh2 0-1

[Event "4NCL/Div2a/SAMS vs. WES1"]
[Site "Hinckley Island ENG"]
[Date "2010.01.17"]
[Round "4.6"]
[White "Neil, David R"]
[Black "Ackley, Peter JE"]
[Result "1/2-1/2"]
[WhiteElo "2157"]
[BlackElo "2095"]
[PlyCount "137"]
[EventDate "2010.01.17"]
[EventRounds "11"]
[EventCountry "ENG"]
[SourceDate "2009.10.24"]

1. c4 g5 2. d4 Bg7 3. Nc3 c5 4. d5 h6 5. h4 Bxc3+ 6. bxc3 g4 7. e4 d6 8. f4
gxf3 9. gxf3 Qa5 10. Bd2 Nf6 11. Bd3 Nbd7 12. f4 b5 13. Qe2 bxc4 14. Bxc4 h5
15. e5 dxe5 16. fxe5 Ng4 17. Nf3 Nb6 18. Bb5+ Bd7 19. Bxd7+ Nxd7 20. Rf1 O-O-O
21. Qe4 Nb6 22. c4 Qa4 23. Rc1 Rxd5 24. Qf5+ Qd7 25. Qe4 Rd3 26. Rb1 Ra3 27.
Rb2 Ra4 28. Rc2 Rd8 29. Ke2 f6 30. e6 Qb7 31. Qf5 Rd6 32. Qxc5+ Rc6 33. Qxh5
Rxe6+ 34. Kd1 Qe4 35. Qc5+ Kb7 36. Kc1 Rc6 37. Qd4 Qxd4 38. Nxd4 Rcxc4 39. Nf5
Rxa2 40. Rxc4 Nxc4 41. Rf4 Nge5 42. Rd4 Rxd2 43. Rxd2 Nxd2 44. Kxd2 e6 45. Nd4
Kc8 46. Nxe6 Nf3+ 47. Ke3 Nxh4 48. Kf4 Kd7 49. Nd4 a6 50. Kg4 Ng2 51. Kf5 Ke7
52. Nc6+ Kd6 53. Na5 Kc5 54. Kxf6 Kb5 55. Nb7 Ne3 56. Ke5 Kc6 57. Ke4 Nc4 58.
Kd4 Nd2 59. Na5+ Kb5 60. Nb7 Nf3+ 61. Kc3 Ng5 62. Nd6+ Kc5 63. Nb7+ Kc6 64.
Na5+ Kb5 65. Nc4 Ne4+ 66. Kb3 Kc5 67. Na5 Nd6 68. Ka4 Kb6 69. Kb4 1/2-1/2

[Event "4NCL/Div2a/SAMS vs. WES1"]
[Site "Hinckley Island ENG"]
[Date "2010.01.17"]
[Round "4.7"]
[White "Russell, Christopher"]
[Black "de Coverly, Roger D"]
[Result "1-0"]
[WhiteElo "2065"]
[BlackElo "2101"]
[PlyCount "95"]
[EventDate "2010.01.17"]
[EventRounds "11"]
[EventCountry "ENG"]
[SourceDate "2009.10.24"]

1. e4 e5 2. Nc3 Nc6 3. g3 h5 4. h3 Bc5 5. Bg2 h4 6. g4 Nge7 7. Nge2 Ng6 8. d3
d6 9. Be3 Bxe3 10. fxe3 Bd7 11. Nd5 Nce7 12. Qd2 c6 13. Nxe7 Qxe7 14. d4 O-O
15. O-O Rad8 16. Rad1 Bc8 17. c4 Qg5 18. b4 c5 19. a3 exd4 20. exd4 Qxd2 21.
Rxd2 cxd4 22. Nxd4 Ne5 23. Rc1 Be6 24. Bf1 Rc8 25. Rdc2 Rfe8 26. Nb5 Red8 27.
Nxa7 Ra8 28. Nb5 Nf3+ 29. Kf2 Ng5 30. Ke3 Bd7 31. Nxd6 Ba4 32. Rd2 Bc6 33. Rd3
Rxd6 34. Rxd6 Bxe4 35. Rc3 f6 36. Kf4 Bh1 37. Re3 Nf7 38. Rde6 Bc6 39. Rc3 Rd8
40. b5 Bh1 41. Rd3 Rc8 42. Rde3 g5+ 43. Kf5 Kg7 44. Re7 Rd8 45. Bd3 Rd6 46. Be4
Bxe4+ 47. Kxe4 Kg6 48. Rd3 1-0

[Event "4NCL/Div2a/SAMS vs. WES1"]
[Site "Hinckley Island ENG"]
[Date "2010.01.17"]
[Round "4.8"]
[White "Thilaganathan, Jessica"]
[Black "Khoo, Selina"]
[Result "0-1"]
[WhiteElo "1900"]
[BlackElo "1981"]
[PlyCount "110"]
[EventDate "2010.01.17"]
[EventRounds "11"]
[EventCountry "ENG"]
[SourceDate "2009.10.24"]

1. d4 d5 2. c4 c6 3. Nc3 dxc4 4. e4 b5 5. a4 b4 6. Na2 Nf6 7. e5 Nd5 8. Bxc4 e6
9. Nf3 a5 10. O-O Ba6 11. Bxa6 Nxa6 12. Qd3 Be7 13. Be3 O-O 14. Rac1 Qb6 15.
Bg5 Rfd8 16. Rfd1 h6 17. Bxe7 Nxe7 18. Qc4 Rd5 19. Rd3 Rad8 20. Rcd1 c5 21. b3
cxd4 22. Rxd4 Rxd4 23. Rxd4 Rxd4 24. Nxd4 Ng6 25. Nf3 Nc5 26. Nc1 Qd8 27. h3
Qd1+ 28. Kh2 Qd5 29. Qxd5 exd5 30. Kg3 Ne4+ 31. Kg4 Nxf2+ 32. Kf5 Ne4 33. Nd3
Kf8 34. h4 Ne7+ 35. Kf4 Nc6 36. Ke3 Ke7 37. Nd4 Kd7 38. Nxc6 Kxc6 39. Kd4 g5
40. hxg5 hxg5 41. Ke3 Nc5 42. Nc1 Ne6 43. Nd3 d4+ 44. Ke4 Nc5+ 45. Kxd4 Nxb3+
46. Kc4 Nd2+ 47. Kd4 Nb1 48. Nb2 Nc3 49. Kc4 Nd5 50. Kd4 Nb6 51. g3 g4 52. Ke4
Kc5 53. Kf5 Kd4 54. Kf6 Nd7+ 55. Kxf7 Nxe5+ 0-1

[Event "4NCL/Div2a/BARY vs. KHE"]
[Site "Hinckley Island ENG"]
[Date "2010.01.17"]
[Round "4.1"]
[White "Hodgson, John H"]
[Black "McMichael, Richard J"]
[Result "1/2-1/2"]
[WhiteElo "2180"]
[BlackElo "2286"]
[PlyCount "54"]
[EventDate "2010.01.17"]
[EventRounds "11"]
[EventCountry "ENG"]
[SourceDate "2009.10.24"]

1. e4 e6 2. d4 d5 3. Nd2 dxe4 4. Nxe4 Bd7 5. Nf3 Bc6 6. Bd3 Nd7 7. O-O Ngf6 8.
Ng3 Be7 9. Qe2 O-O 10. Ne5 Nxe5 11. dxe5 Nd7 12. Rd1 Qe8 13. c4 Rd8 14. Bf4 a5
15. Ne4 Nc5 16. Nf6+ Bxf6 17. exf6 Rxd3 18. Rxd3 Nxd3 19. Qxd3 Qd8 20. Qxd8
Rxd8 21. Bxc7 Rd2 22. Be5 gxf6 23. Bxf6 Rc2 24. Rd1 h5 25. Bc3 a4 26. a3 Kh7
27. f3 Kg6 1/2-1/2

[Event "4NCL/Div2a/BARY vs. KHE"]
[Site "Hinckley Island ENG"]
[Date "2010.01.17"]
[Round "4.2"]
[White "Spivack, Simon SY"]
[Black "Franklin, Samuel GA"]
[Result "0-1"]
[WhiteElo "2176"]
[BlackElo "2131"]
[PlyCount "80"]
[EventDate "2010.01.17"]
[EventRounds "11"]
[EventCountry "ENG"]
[SourceDate "2009.10.24"]

1. Nf3 Nf6 2. g3 g6 3. Bg2 Bg7 4. O-O O-O 5. c4 d6 6. d4 Nc6 7. Nc3 a6 8. d5
Na5 9. Nd2 c5 10. Qc2 Rb8 11. b3 b5 12. Bb2 e5 13. dxe6 fxe6 14. cxb5 axb5 15.
Nce4 Nxe4 16. Nxe4 Bxb2 17. Qxb2 Bb7 18. f4 Bxe4 19. Bxe4 d5 20. Bf3 Nc6 21.
Rfd1 Qb6 22. e4 d4 23. Bg4 e5 24. Be6+ Kg7 25. f5 Nd8 26. Rac1 Nxe6 27. fxe6
Rbc8 28. Rf1 Qxe6 29. Rxf8 Kxf8 30. a4 bxa4 31. bxa4 c4 32. a5 Qc6 33. a6 c3
34. Qb4+ Qc5 35. Qb7 d3+ 36. Kg2 Rc7 37. Rf1+ Kg7 38. Qb8 c2 39. Qd8 Qe7 40.
Qxd3 c1=Q 0-1

[Event "4NCL/Div2a/BARY vs. KHE"]
[Site "Hinckley Island ENG"]
[Date "2010.01.17"]
[Round "4.3"]
[White "Sen, Subin"]
[Black "Thomas, Rik H"]
[Result "1/2-1/2"]
[WhiteElo "2098"]
[BlackElo "2220"]
[PlyCount "92"]
[EventDate "2010.01.17"]
[EventRounds "11"]
[EventCountry "ENG"]
[SourceDate "2009.10.24"]

1. Nf3 d5 2. d4 Nf6 3. c4 dxc4 4. e3 e6 5. Bxc4 c5 6. O-O Nc6 7. Qe2 a6 8. Bb3
Be7 9. Rd1 Qc7 10. Nc3 O-O 11. e4 cxd4 12. Nxd4 Nxd4 13. Rxd4 e5 14. Rc4 Qb8
15. Nd5 Nxd5 16. exd5 Bd7 17. Re4 Bf6 18. g4 g6 19. Bd2 Qd8 20. Bc3 Re8 21. Re1
Bb5 22. Qf3 Rc8 23. a4 Bd7 24. Bxe5 Bxe5 25. Rxe5 Rxe5 26. Rxe5 Qh4 27. d6
Qxg4+ 28. Qxg4 Bxg4 29. Re7 Rd8 30. Rxf7 Kh8 31. Rxb7 Rxd6 32. Kg2 Bd7 33. Rb4
a5 34. Rf4 Bf5 35. Bc4 Kg7 36. Kf1 Rd2 37. b3 Kf6 38. Ke1 Rd8 39. Rf3 Rd4 40.
h3 g5 41. Ke2 Ke5 42. Bd3 Bxd3+ 43. Rxd3 Rh4 44. Rc3 Kd6 45. Rf3 Ke6 46. Re3+
Kd6 1/2-1/2

[Event "4NCL/Div2a/BARY vs. KHE"]
[Site "Hinckley Island ENG"]
[Date "2010.01.17"]
[Round "4.4"]
[White "Ward, Julian T"]
[Black "O'Toole, George E"]
[Result "1/2-1/2"]
[WhiteElo "2132"]
[BlackElo "2146"]
[PlyCount "90"]
[EventDate "2010.01.17"]
[EventRounds "11"]
[EventCountry "ENG"]
[SourceDate "2009.10.24"]

1. c4 Nf6 2. Nf3 e6 3. g3 d5 4. Bg2 Be7 5. O-O O-O 6. d4 dxc4 7. Nc3 Nbd7 8.
Qc2 c5 9. Rd1 Qa5 10. d5 exd5 11. Nxd5 Nxd5 12. Rxd5 Nb6 13. Rd1 Qa4 14. Qxa4
Nxa4 15. Bg5 Bxg5 16. Nxg5 h6 17. Ne4 Be6 18. Rdc1 Rfd8 19. b3 cxb3 20. axb3
Bxb3 21. Nxc5 Nxc5 22. Rxc5 a5 23. Rb5 a4 24. Rxb7 Rac8 25. Bf3 Rb8 26. Ra7 Rd6
27. Kg2 Rbd8 28. Be4 Kf8 29. Bd3 R8d7 30. Ra8+ Ke7 31. f3 Rd5 32. Kf2 Kd6 33.
Rc1 Rc7 34. Ra6+ Kd7 35. Ra1 Rdc5 36. Ke3 R7c6 37. Ra7+ Kc8 38. Be4 Rd6 39. g4
g6 40. h4 Rd7 41. Ra6 h5 42. gxh5 Rxh5 43. Bc6 Re7+ 44. Kf4 Rxe2 45. Kg3 Rc5
1/2-1/2

[Event "4NCL/Div2a/BARY vs. KHE"]
[Site "Hinckley Island ENG"]
[Date "2010.01.17"]
[Round "4.5"]
[White "Farrand, Julian T"]
[Black "Mackenzie, Colin"]
[Result "0-1"]
[WhiteElo "2103"]
[BlackElo "2120"]
[PlyCount "94"]
[EventDate "2010.01.17"]
[EventRounds "11"]
[EventCountry "ENG"]
[SourceDate "2009.10.24"]

1. d4 e6 2. e4 d5 3. Nc3 Bb4 4. exd5 exd5 5. Bd3 Nc6 6. Nge2 Bg4 7. f3 Bh5 8.
O-O Nge7 9. a3 Ba5 10. Na4 Bg6 11. b4 Bb6 12. Nc5 a5 13. Nxb7 Qc8 14. bxa5 Nxa5
15. Bb5+ Nac6 16. Nc5 O-O 17. Nf4 Bxc2 18. Qd2 Bf5 19. Nxd5 Rd8 20. Nxe7+ Nxe7
21. Qf2 Ra5 22. a4 c6 23. Be2 Rxd4 24. Be3 Rb4 25. Nd3 Bxe3 26. Qxe3 Nd5 27.
Qd2 Rbxa4 28. Qxa5 Rxa5 29. Rxa5 g6 30. Nf2 Qd8 31. Rfa1 Qg5 32. Bf1 h5 33. Rc5
Qf6 34. Rac1 Bd7 35. Ne4 Qd4+ 36. Kh1 Kg7 37. R5c4 Qe3 38. Nc5 Bf5 39. Ne4 Bd7
40. Nc5 Bf5 41. Ne4 Bxe4 42. fxe4 Nf6 43. R4c3 Qf4 44. g3 Qg5 45. Bg2 Ng4 46.
Rxc6 Nf2+ 47. Kg1 Qe3 0-1

[Event "4NCL/Div2a/BARY vs. KHE"]
[Site "Hinckley Island ENG"]
[Date "2010.01.17"]
[Round "4.6"]
[White "Stevenson, James AB"]
[Black "Cumming, Rhys"]
[Result "1/2-1/2"]
[WhiteElo "2089"]
[BlackElo "1969"]
[PlyCount "48"]
[EventDate "2010.01.17"]
[EventRounds "11"]
[EventCountry "ENG"]
[SourceDate "2009.10.24"]

1. g3 Nf6 2. Bg2 d5 3. Nf3 g6 4. c4 Bg7 5. cxd5 Nxd5 6. Nc3 c5 7. O-O O-O 8.
Qa4 Nb6 9. Qh4 e5 10. d3 Qxh4 11. Nxh4 Na6 12. Be3 f5 13. f4 exf4 14. Bxf4 Re8
15. Rfe1 Nb4 16. Rac1 Rd8 17. Bg5 Rd7 18. Nf3 Nc6 19. b3 h6 20. Bd2 a6 21. Nd1
Nd4 22. Nf2 Ne6 23. Be3 Rc7 24. Bd2 Rd7 1/2-1/2

[Event "4NCL/Div2a/BARY vs. KHE"]
[Site "Hinckley Island ENG"]
[Date "2010.01.17"]
[Round "4.7"]
[White "Wells, Daniel J"]
[Black "Davey, Mark"]
[Result "1-0"]
[WhiteElo "2014"]
[BlackElo "2020"]
[PlyCount "77"]
[EventDate "2010.01.17"]
[EventRounds "11"]
[EventCountry "ENG"]
[SourceDate "2009.10.24"]

1. e4 e5 2. Nf3 Nc6 3. Bb5 a6 4. Ba4 Nf6 5. O-O b5 6. Bb3 Be7 7. Re1 d6 8. c3
Bg4 9. h3 Bh5 10. a4 O-O 11. d3 Na5 12. Ba2 c5 13. Nbd2 Kh8 14. g4 Bg6 15. Nf1
c4 16. Ng3 cxd3 17. Qxd3 bxa4 18. Nh4 Bxe4 19. Nxe4 Nxe4 20. Rxe4 Bxh4 21. Rxa4
Nb7 22. b4 Qf6 23. Be3 Qf3 24. Qd5 e4 25. Qxb7 Rae8 26. Bd5 f5 27. g5 Qxh3 28.
Rxa6 f4 29. Bd4 Bxf2+ 30. Kxf2 Qg3+ 31. Ke2 Qd3+ 32. Ke1 Qg3+ 33. Kd1 Qf3+ 34.
Kc2 Qg2+ 35. Kb3 Qxg5 36. Ra8 e3 37. Rxe8 Rxe8 38. Ra8 Qxd5+ 39. Qxd5 1-0

[Event "4NCL/Div2a/BARY vs. KHE"]
[Site "Hinckley Island ENG"]
[Date "2010.01.17"]
[Round "4.8"]
[White "Haria, Ravi"]
[Black "Ynojosa, Angelica Maria"]
[Result "0-1"]
[WhiteElo "1828"]
[BlackElo "1753"]
[PlyCount "151"]
[EventDate "2010.01.17"]
[EventRounds "11"]
[EventCountry "ENG"]
[SourceDate "2009.10.24"]

1. e4 c5 2. Nc3 e6 3. f4 d6 4. Nf3 Nf6 5. g3 a6 6. Bg2 Nc6 7. d3 Be7 8. O-O O-O
9. h3 Qc7 10. g4 Rb8 11. f5 Ne8 12. Be3 b5 13. Ne1 b4 14. Ne2 exf5 15. exf5 Ne5
16. Nf4 Bb7 17. Nd5 Qd8 18. Qd2 Bh4 19. g5 f6 20. Nf4 Nc7 21. Bxb7 Rxb7 22. Qg2
Rb8 23. gxf6 Bxf6 24. Nh5 Kh8 25. Rb1 Qe7 26. Bf4 Qf7 27. Ng3 Qxa2 28. Nf3 Qd5
29. Nxe5 dxe5 30. Be3 Be7 31. Ne4 c4 32. Rbd1 cxd3 33. Rxd3 Qb5 34. Kh1 Rg8 35.
Bg5 Bxg5 36. Qxg5 Qc6 37. Qg2 Ne8 38. Ng5 Qxg2+ 39. Kxg2 Rb7 40. Re3 h6 41. Ne6
Nd6 42. Rxe5 Nc4 43. Re2 Nxb2 44. Rb1 Nc4 45. Nc5 Rb6 46. Re6 a5 47. Rxb6 Nxb6
48. c3 Nd5 49. cxb4 axb4 50. Nd3 Rb8 51. Kf3 b3 52. Rb2 Ne7 53. Ke4 Nc6 54. Nc5
Na5 55. Kd5 Kg8 56. Kd4 Kf7 57. Kc3 Rb5 58. Ne4 Rb6 59. Nc5 Ke7 60. Ne4 Rb5 61.
Ng3 Re5 62. Re2 Rxe2 63. Nxe2 Kf6 64. Nd4 Ke5 65. Ne6 Kf6 66. Nd4 h5 67. h4 Ke5
68. Ne6 Kxf5 69. Nxg7+ Kg4 70. Ne6 Kxh4 71. Nf4 Kg4 72. Ng2 h4 73. Ne3+ Kf3 74.
Nf1 h3 75. Nh2+ Kg2 76. Ng4 0-1

[Event "4NCL/Div2a/WRO2 vs. BRJ"]
[Site "Hinckley Island ENG"]
[Date "2010.01.17"]
[Round "4.1"]
[White "Townsend, M Paul"]
[Black "Richmond, Peter A"]
[Result "1/2-1/2"]
[WhiteElo "2186"]
[BlackElo "2247"]
[PlyCount "66"]
[EventDate "2010.01.17"]
[EventRounds "11"]
[EventCountry "ENG"]
[SourceDate "2009.10.24"]

1. b4 e5 2. Bb2 d6 3. e3 g6 4. Nf3 Bg7 5. c4 Nf6 6. Nc3 O-O 7. d4 exd4 8. exd4
c5 9. b5 cxd4 10. Nxd4 d5 11. cxd5 Nxd5 12. Qd2 Re8+ 13. Be2 Nxc3 14. Bxc3 Nd7
15. O-O Nc5 16. Bf3 Ne4 17. Bxe4 Rxe4 18. Rfe1 Rxe1+ 19. Rxe1 Bd7 20. a4 Rc8
21. Ba5 Qf6 22. Nf3 Bf5 23. Bb4 h6 24. Qe3 b6 25. h3 Be6 26. a5 Qb2 27. Bd2
bxa5 28. Qxa7 Qxb5 29. Qxa5 Qxa5 30. Bxa5 Rc2 31. Bd2 Ra2 32. Rc1 h5 33. Bc3
Bxc3 1/2-1/2

[Event "4NCL/Div2a/WRO2 vs. BRJ"]
[Site "Hinckley Island ENG"]
[Date "2010.01.17"]
[Round "4.3"]
[White "Arnott, Jonathan W"]
[Black "Girdlestone, Paul C"]
[Result "1/2-1/2"]
[WhiteElo "2154"]
[BlackElo "2135"]
[PlyCount "36"]
[EventDate "2010.01.17"]
[EventRounds "11"]
[EventCountry "ENG"]
[SourceDate "2009.10.24"]

1. e4 e5 2. Nf3 Nc6 3. d4 exd4 4. Bc4 Nf6 5. e5 d5 6. Bb5 Ne4 7. Nxd4 Bd7 8.
Bxc6 bxc6 9. O-O Bc5 10. f3 Ng5 11. f4 Ne4 12. Be3 O-O 13. Nd2 Qe7 14. Nxe4
dxe4 15. Qe2 f6 16. exf6 Rxf6 17. Rae1 Qf7 18. Nb3 Bb6 1/2-1/2